000 00357nam a2200145 i 4500
001 bg
100 1 _aWARCHAŁOWSKA-KIETLIŃSKA, Zofia
245 0 _aMiernictwo budowlane /
_cZofia Warchłowska-Kietlińska.
250 _aWyd.4.
260 _aWarszawa,
_c1969.
040 _cBPK
041 _apol
942 _cKS
008 s pl f |000 0 pol
999 _c7167
_d7167
856 _uhttp://koha.tu.koszalin.pl/cgi-bin/koha/opac-detail.pl?biblionumber=7167
_yKatalog online BPK